| 000 | 00000nam##2200000za#4500 |
| 001 | 9.590329 |
| 003 | CaOODSP |
| 005 | 20210624200055 |
| 007 | cr ||||||||||| |
| 008 | 150406|2009||||xxc|||||o f|0| 0 eng|d |
| 022 | |a1701-1280 |
| 040 | |aCaOODSP|beng |
| 041 | |aeng |
| 041 | |afre |
| 043 | |an-cn--- |
| 086 | 1 |aFs70-4/2009-054-PDF |
| 110 | 1 |aCanada. |bDepartment of Fisheries and Oceans. |
| 245 | 10|aProceedings of the National peer review on Alternate Ballast Water Exchange Zones for vessel traffic to Newfoundland and the Arctic : |h[electronic resource]|bJanuary 13-14, 2009, Winnipeg, Manitoba / |cMeeting Chairperson: Patrice Simon. |
| 260 | |aOttawa - Ontario : |bFisheries and Oceans Canada |cMarch 2010. |
| 300 | |a31p. |
| 490 | 1 |aCanadian Science Advisory Secretariat proceedings series|x1701-1280|v2009/054 |
| 590 | |a14-20-Supp|b2014-11-25 |
| 792 | |tCompte rendu de l'examen national par les pairs de zones alternatives de renouvellement de l'eau de ballast pour le trafic maritime dans les régions de Terre-Neuve et de l'Arctique : |efre|w(CaOODSP)9.590330 |
| 830 | #0|aProceedings series (Canadian Science Advisory Secretariat)|x1701-1280|v2009/054|w(CaOODSP)9.500507 |
| 856 | 40|ahttp://publications.gc.ca|qPDF|s149 KB|uhttps://publications.gc.ca/collections/collection_2014/mpo-dfo/Fs70-4-2009-054.pdf|y2009/054 |